Score 0/63 Timer 20:00
0 Plays Today
Answer % Correct
car
57.1%
dog
42.9%
hotdog
28.6%
book
28.6%
red
14.3%
bed
14.3%
apple
14.3%
basket
0%
shoes
0%
spanish
0%
ship
0%
death
0%
boy
0%
blue
0%
sick
0%
fortnite
0%
ohio
0%
alabama
0%
LeBron
0%
happy
0%
rod
0%
water
0%
cookie
0%
clock
0%
dork
0%
table
0%
grass
0%
sky
0%
guitar
0%
blocks
0%
flute
0%
headphones
0%
Answer % Correct
sprite cranberry
0%
door
0%
window
0%
math
0%
lab
0%
zero
0%
hat
0%
pillow
0%
sheet
0%
fort
0%
xbox
0%
poster
0%
elmo
0%
sweater
0%
bread
0%
beans
0%
juice
0%
toes
0%
fingers
0%
butt
0%
penis
0%
fan
0%
zombie
0%
lightbulb
0%
hair
0%
minions
0%
chromebook
0%
backpack
0%
yellow
0%
nose
0%
row
0%
Remove Ads.
Support Sporcle.
Get the best of Sporcle when you Go Orange. This ad-free experience offers more features, more stats, and more fun while also helping to support Sporcle. Thank you for becoming a member.

You're not logged in!

Compare scores with friends on all Sporcle quizzes.
OR
Log In

Show Comments

Extras

Created Dec 19, 2018ReportNominate
Tags:stuff

Top Quizzes Today


Score Distribution

Your Account Isn't Verified!

In order to create a playlist on Sporcle, you need to verify the email address you used during registration. Go to your Sporcle Settings to finish the process.

Report this User

Report this user for behavior that violates our Community Guidelines.

Details: